000 00545cam a22002051 4500
001 sg 44000181
003 DLC
005 20260227112743.0
008 810815s1943 xx a 000 0 eng
010 _asg 44000181
035 _a(OCoLC)14726320
040 _aDLC
_cDNLM
_dDLC
042 _apremarc
050 0 0 _aRC298
_b.U6
060 0 _aWD 100
_bU67c 1943
110 2 _aUpjohn Company.
245 1 0 _aClinical aspects of the avitaminoses.
260 _aKalamazoo, Mich.,
_bThe Upjohn company
_c[c1943]
300 _acover-title, 48 p.
_bill.
999 _c90423
_d90423